Звичайний вигляд
Перегляд у МАРК
Входження „Personal Name“
Кількість записів, які використовуються: 4
001 - CONTROL NUMBER
- control field: 3679
003 - CONTROL NUMBER IDENTIFIER
- control field: UA-OsUOA
005 - DATE AND TIME OF LATEST TRANSACTION
- control field: 20240802111505.0
008 - FIXED-LENGTH DATA ELEMENTS
- fixed length control field: 240802|| aca||aabn | a|a d
040 ## - CATALOGING SOURCE
- Original cataloging agency: UA-OsUOA
- Transcribing agency: UA-OsUOA
100 ## - HEADING--PERSONAL NAME
- Personal name: Винар Л.-Р
670 ## - SOURCE DATA FOUND
- Source citation: Work cat.: (UA-OsUOA)401068: Міжнародна конференція "Князь Василь-Костянтин Острозький в історії України та Європи" НаУОА 15 - 17 жовтня 2008 року 3678, Наукові записки, 2008